[Event "FICGS class D 000129 email"]
[Site "FICGS email"]
[Date "2009.08.14"]
[Round "1"]
[White "Fappiano, Giuseppe"]
[Black "Kepinski, Janusz"]
[Result "0-1"]
[WhiteElo "1800"]
[BlackElo "1621"]
[PlyCount "66"]
[EventDate "2009.??.??"]
[EventType "tourn (corr)"]
[EventRounds "6"]
[SourceTitle "Corr 2022"]
[Source "ChessBase"]
[SourceDate "2021.10.24"]
[SourceVersion "1"]
[SourceVersionDate "2021.10.24"]
[SourceQuality "1"]

1. d4 g6 2. e4 d6 3. Nc3 Bg7 4. Be3 Nf6 5. f3 0-0 6. Qd2 c6 7. 0-0-0 b5 8. g4 b4 9. Nce2 Qa5 10. Kb1 c5 11. Nc1 cxd4 12. Bxd4 Bb7 13. Bc4 e5 14. Be3 Nc6 15. Nb3 Qc7 16. Ne2 a5 17. h4 a4 18. Nbc1 Nd4 19. Nxd4 exd4 20. Bxd4 Qxc4 21. b3 axb3 22. cxb3 Qb5 23. h5 Rfc8 24. h6 Bh8 25. g5 Nh5 26. Bxh8 Kxh8 27. Qxd6 Qxg5 28. Rxh5 gxh5 29. f4 Bxe4+ 30. Ka1 Rxc1+ 31. Rxc1 Rxa2+ 32. Kxa2 Qa5+ 33. Kb2 Qa3# 0-1

[Event "FICGS class D 000129 email"]
[Site "FICGS email"]
[Date "2009.08.14"]
[Round "1"]
[White "Tellore Raghu, Shyam Sundar"]
[Black "Fappiano, Giuseppe"]
[Result "0-1"]
[WhiteElo "1589"]
[BlackElo "1800"]
[PlyCount "102"]
[EventDate "2009.??.??"]
[EventType "tourn (corr)"]
[EventRounds "6"]
[SourceTitle "Corr 2022"]
[Source "ChessBase"]
[SourceDate "2021.10.24"]
[SourceVersion "1"]
[SourceVersionDate "2021.10.24"]
[SourceQuality "1"]

1. e4 c5 2. a3 g6 3. c3 d5 4. exd5 Qxd5 5. Be2 Qxg2 6. Bf3 Qg5 7. d4 Qf5 8. Be3 cxd4 9. Qxd4 Nf6 10. Nd2 e5 11. Qa4+ Bd7 12. Qb3 Nc6 13. Ne2 Rb8 14. Ng3 Qe6 15. Bxc6 Qxb3 16. Nxb3 Bxc6 17. 0-0 b6 18. Rfe1 Bg7 19. Bf4 Nd7 20. Nd4 Bb7 21. Nb5 0-0 22. Bg5 f6 23. Bd2 a6 24. Nd6 Nc5 25. Nxb7 Rxb7 26. Be3 f5 27. Bxc5 bxc5 28. Rab1 Rfb8 29. Re2 e4 30. Rc2 c4 31. h4 h5 32. Ne2 Bf6 33. Nf4 Bxh4 34. Nd5 Rd7 35. Ne3 Rc8 36. Rd1 Rxd1+ 37. Nxd1 Rd8 38. Ne3 Bg5 39. Nxc4 Rd1+ 40. Kg2 Bf4 41. b4 g5 42. f3 e3 43. Re2 Rd3 44. Rc2 g4 45. Nb2 Rd2+ 46. Rxd2 exd2 47. Kf2 h4 48. c4 h3 49. Kg1 gxf3 50. b5 h2+ 51. Kh1 f2 0-1

[Event "SEMI B048 email"]
[Site "SEMI email"]
[Date "2005.06.20"]
[Round "?"]
[White "Fappiano, Giuseppe"]
[Black "Furlotti, Guido"]
[Result "1-0"]
[WhiteElo "1000"]
[BlackElo "1000"]
[PlyCount "51"]
[EventDate "2005.06.20"]
[EventType "tourn (corr)"]
[EventRounds "6"]
[EventCountry "ITA"]
[SourceTitle "Corr 2008"]
[Source "ChessBase"]
[SourceDate "2008.06.24"]
[SourceVersion "1"]
[SourceVersionDate "2008.06.24"]
[SourceQuality "1"]

1. e4 Nf6 2. e5 Nd5 3. d4 d6 4. Nf3 Bg4 5. Be2 e6 6. 0-0 Be7 7. c4 Nb6 8. Nc3 0-0 9. Be3 a6 10. b3 d5 11. c5 Nc8 12. Ne1 Bxe2 13. Qxe2 Nc6 14. Qg4 Qd7 15. Bh6 g6 16. Bxf8 Bxf8 17. Nf3 Be7 18. a3 Na5 19. Nd2 b6 20. b4 Nc4 21. Nxc4 dxc4 22. Rfd1 c6 23. d5 bxc5 24. d6 Bf8 25. Ne4 Bg7 26. Nxc5 1-0